İnsan hakları eğitimi Türkiye programları 1998-2007 (Record no. 6814)

MARC details
000 -BAŞLIK
Sabit Uzunlukta Kontrol Alanı 01053na a2200265 4500
001 - KONTROL NUMARASI
Denetim Alanı 15728
003 - KONTROL NUMARASI IDENTIFIER
Denetim Alanı MIRAKIL
005 - SON İŞLEM TARİHİ VE ZAMANI
Denetim Alanı 20181213155120.0
008 - SABİT-BOY VERİ ELEMANLARI - GENEL BİLGİLER
Sabit Uzunlukta Kontrol Alanı 160923b tu 000 0
020 ## - ULUSLARARASI STANDART KİTAP NUMARASI
Uluslararası Standart Kitap Numarası 975192278X
035 ## - SİSTEM KONTROL NUMARASI
Sistem Kontrol Numarası 15728
040 ## - KATALOGLAMA KAYNAK
Orijinal Kataloglama Ajansı Milas
Kataloglama Dili tur
Metne Dönüştürmek Ajansı TR-AnCHP
082 ## - DEWEY ONLU SINIFLANDIRMA NUMARASI
Sınıflandırma Numarası 323.0709561
Ürün Numarası İ57i 1999
090 ## - SINIFLAMA NUMARASI
Sınıflama Numarası 323.0709561 İ57i 1999
110 ## - ANA GİRİŞ - KURUMSAL ADI
Giriş Elemanı Olarak Kurumsal Ad Veya Yargı Alanı Adı İnsan Hakları Eğitimi On Yıl Ulusal Komitesi
245 ## - BAŞLIK TABLOSU
Başlık İnsan hakları eğitimi Türkiye programları 1998-2007
Sorumluluk Tablosu, Vb İnsan Hakları Eğitimi On Yıl Ulusal Komitesi
260 ## - YAYIN, DAĞITIM, VB
Yayın, Dağıtım, Vb Yeri Ankara
Yayıncı, Dağıtıcı, Vs Adı İnsan Hakları Eğitimi On Yıl Ulusal Komitesi Yayınları
Yayın, Dağıtım, Vb Tarihi 1999
300 ## - FİZİKSEL TANIM
Kapsam vi, 52 s.
Boyutlar 20 sm.
490 ## - SERİSİ TABLOSU
Seri Beyanı İnsan Hakları Eğitimi On Yıl Ulusal Komitesi yayınları
Hacim / Ardışık Tanımı 1
650 ## - KONU KATMA GİRİŞ - TOPİKAL DÖNEM
Topikal Süreli Veya Coğrafi Ad Giriş Elemanı İnsan hakları eğitimi
Genel Alt Bölümü Sivil toplum kuruluşları (STK)
Coğrafi Alt Bölümü Türkiye
650 ## - KONU KATMA GİRİŞ - TOPİKAL DÖNEM
Topikal Süreli Veya Coğrafi Ad Giriş Elemanı İnsan hakları eğitimi
Genel Alt Bölümü Kitle iletişim araçları
Coğrafi Alt Bölümü Türkiye
650 ## - KONU KATMA GİRİŞ - TOPİKAL DÖNEM
Topikal Süreli Veya Coğrafi Ad Giriş Elemanı İnsan hakları eğitimi
Genel Alt Bölümü Hukuk
Coğrafi Alt Bölümü Türkiye
650 ## - KONU KATMA GİRİŞ - TOPİKAL DÖNEM
Topikal Süreli Veya Coğrafi Ad Giriş Elemanı İnsan hakları
Genel Alt Bölümü Eğitim programları
Kronolojik Alt Bölümü 1998-2007
Coğrafi Alt Bölümü Türkiye
942 ## - EKLENDİ GİRİŞ ELEMANLARI (KOHA)
Sınıflandırma Veya Raf Düzeni Kaynak Dewey Decimal Classification
Koha Öğesi Türü Books
999 ## - SİSTEM KONTROL NUMARALARI (KOHA)
Koha Biblionumber 6814
Koha Biblioitemnumber 6814
Holdings
Kalıcı Konum Mevcut Konum Edinme Tarihi Edinim Kaynak Toplam Check-Out'Lar Tam Çağrı Numarası Barkod Tarih Son Görülme İtibaren Geçerli Fiyatlar Koha Öğesi Türü Kopya Sayısı
CHP Kütüphanesi CHP Kütüphanesi 09/23/2016 Bağış   323.0709561 İ57i 1999 004130 09/23/2016 09/23/2016 Books  
CHP Kütüphanesi CHP Kütüphanesi 09/23/2016 Bağış   323.0709561 İ57i 1999 004131 09/23/2016 09/23/2016 Books k.2